| 000 | 00370nam a22001457a 4500 | ||
|---|---|---|---|
| 003 | MACL | ||
| 005 | 20200717120738.0 | ||
| 008 | 200717b xxu||||| |||| 00| 0 eng d | ||
| 040 | _cMACL | ||
| 100 |
_aGambhirananda,Swami _979028 |
||
| 245 | _aHoly Mother Sri Sarada Devi | ||
| 260 |
_aMadras _bSri Ramakrishna Math _c2019 |
||
| 650 |
_aBiography _979029 |
||
| 942 |
_2ddc _cBK |
||
| 999 |
_c62679 _d62679 |
||